000 00823nam a22001937a 4500
005 20210325191512.0
008 s2535 th tha d
041 _atha
090 _aว HC445 ว516ศ 2535
245 1 0 _aเศรษฐกิจไทยภายใต้ภาวะวิกฤติทางการเมือง
260 3 _aกรุงเทพฯ :
_bสถาบันวิจัยเพื่อการพัฒนาประเทศไทย,
_c2535
300 _a2 เล่ม :
_b ตาราง ;
_c 28 ซม.
650 0 4 _aเศรษฐศาสตร์การเมือง -- วิจัย
650 0 4 _aไทย -- ภาวะเศรษฐกิจ
850 _aNALT
942 _cRSH
997 _c000000000028647
_kVC
998 _aNarumon Suwan
999 _c28647
_d28647